Missing Word: 'M' in Television Quiz Stats

 Plays Quiz Updated Sep 12, 2018

Challenge
Share
Tweet
Embed
Score 0/20 Timer 03:00
0 Plays Today
TV Show Missing Word % Correct
Married... with ___Children
97%
Modern _____ Family
95.9%
The Muppet _____ Show
95.4%
Mork & _____ Mindy
95.2%
The Mary Tyler ___ ShowMoore
94.4%
Mad _____ Men
91.3%
My Name is _____ Earl
87.5%
My So-Called _____ Life
86.3%
Murphy _____ Brown
84.4%
Monty Python's _____ CircusFlying
83.5%
TV Show Missing Word % Correct
Married to the _____ Mob
83.1%
Marvel's _____ of S.H.I.E.L.D.Agents
75.9%
The Mindy _____ Project
72.5%
Marriage _____ CampBoot
64.7%
Madam _____ Secretary
46.7%
Murder in the _____ First
39.7%
The Mysteries of _____ Laura
32.9%
The Man in the _____ CastleHigh
25.2%
The Millionaire ___Matchmaker
20.3%
The Mob _____ Doctor
4.7%

Today's Daily Dose

You're not logged in!

Compare scores with friends on all Sporcle quizzes.
Join for Free
OR
Log In

You Might Also Like...

Show Comments

Extras

Top Quizzes Today


Score Distribution

Your Account Isn't Verified!

In order to create a playlist on Sporcle, you need to verify the email address you used during registration. Go to your Sporcle Settings to finish the process.

Report this User

Report this user for behavior that violates our Community Guidelines.

Details: